000 00920nam a2200253 b 4500
001 00000000275005
003 OSt
005 20171101084534.0
008 080205s2003 mex spa
020 _a970-26-0428-1
040 _aBR-TO
_cBMC
082 _a658.15
100 1 _aGitman, Lawrence J.
245 1 0 _aPrincipios de administración financiera
_cLawrence J. Gitman ; traducción, Elisa Núñez Ramos ; revisión técnica, Javier Cervantes González
250 _a10ª ed
260 _aNaucalpan de Juárez (México) [etc.]
_bPearson Educación
_c2003
300 _aXL, 559, [68] p.
_bil., gráf.
_c26 cm
_e+ 1 disco compacto.
500 _aIncluye índices
594 _1Traducido de: Principles of managerial finance : brief, 3th ed.
650 2 4 _aEmpresas
_xFinanzas
_95713
700 1 _aNuñez Ramos, Elisa
_92172
700 1 _98515
_aCervantes González, Javier
942 _2ddc
_cBK
_hprozim
999 _c3714
_d3714